[Event "Ramat Gan Dov Porat Blitz op"]
[Site "Ramat Gan"]
[Date "2024.11.01"]
[Round "1"]
[White "Gavriel, Adam"]
[Black "Tzidkiya, Yeshaayahu"]
[Result "0-1"]
[WhiteElo "1736"]
[BlackElo "2469"]
[PlyCount "66"]
[EventDate "2024.11.01"]
[EventType "swiss (blitz)"]
[EventRounds "11"]
[EventCountry "ISR"]
[SourceTitle "CB45_2024"]
[Source "ChessBase"]
[SourceDate "2024.11.06"]
[SourceVersion "1"]
[SourceVersionDate "2024.11.06"]
[SourceQuality "1"]

1. Nf3 Nf6 2. b3 g6 3. Bb2 Bg7 4. g3 0-0 5. Bg2 d6 6. 0-0 e5 7. d3 a5 8. a4 c6 9. e4 Re8 10. Re1 h6 11. h3 Be6 12. Nbd2 Na6 13. d4 exd4 14. Nxd4 Bd7 15. Nc4 Qc7 16. Qd2 Nc5 17. Qf4 Ncxe4 18. Bxe4 Nxe4 19. Rxe4 Rxe4 20. Qxe4 d5 21. Qd3 dxc4 22. Qxc4 Bxh3 23. Re1 Qd7 24. Bc3 Re8 25. Rd1 Be6 26. Qd3 Bd5 27. Bxa5 Qh3 28. Nf3 Qh5 29. Kg2 Be4 30. Qe3 Qxa5 31. Kg1 Qh5 32. Re1 Bxf3 33. Qxe8+ Kh7 0-1

[Event "ISR-ch U12"]
[Site "Kfar Saba"]
[Date "2024.04.17"]
[Round "3"]
[White "Gavriel, Adam"]
[Black "Shilon Rahav, Eliran"]
[Result "0-1"]
[WhiteElo "1699"]
[BlackElo "2116"]
[PlyCount "114"]
[EventDate "2024.04.10"]
[EventType "swiss"]
[EventRounds "9"]
[EventCountry "ISR"]
[SourceTitle "EXT 2025"]
[Source "ChessBase"]
[SourceDate "2024.10.14"]
[SourceVersion "1"]
[SourceVersionDate "2024.10.14"]
[SourceQuality "1"]

1. Nf3 d5 2. b3 c5 3. Bb2 Nc6 4. g3 d4 5. Bg2 g6 6. 0-0 Bg7 7. e3 e5 8. d3 Nge7 9. Re1 0-0 10. Nbd2 f5 11. Ba3 b6 12. exd4 exd4 13. Nc4 Bb7 14. Ng5 Qd7 15. Ne6 Rfe8 16. Qd2 Nd5 17. Nxg7 Kxg7 18. Rxe8 Rxe8 19. Re1 Rxe1+ 20. Qxe1 Nc3 21. Bc1 Kg8 22. Bf4 Na5 23. Bxb7 Nxb7 24. a4 Nd8 25. Qe5 Nf7 26. Qb8+ Kg7 27. Qc7 Qe6 28. Ne5 g5 29. Nxf7 Qxf7 30. Qxf7+ Kxf7 31. Bxg5 b5 32. axb5 Ke6 33. Bf4 Nxb5 34. Kf1 Na3 35. Bb8 a6 36. Ke2 Nxc2 37. Bc7 Na1 38. Kd2 Kd5 39. f3 Nxb3+ 40. Kc2 c4 41. g4 fxg4 42. f4 Nc5 43. dxc4+ Kxc4 44. f5 Ne4 45. Bf4 d3+ 46. Kd1 a5 47. Be5 Kd5 48. f6 Ke6 49. Bc7 a4 50. Be5 Nxf6 51. Ba1 Ne4 52. Bb2 Kd5 53. Ba1 Kc4 54. Be5 a3 55. Kc1 a2 56. h3 Nc3 57. Kb2 d2 0-1

[Event "Ramat Gan Dov Porat Blitz op"]
[Site "Ramat Gan"]
[Date "2023.10.06"]
[Round "1"]
[White "Gavriel, Adam"]
[Black "Poleg, Matan"]
[Result "0-1"]
[WhiteElo "1446"]
[BlackElo "2249"]
[PlyCount "88"]
[EventDate "2023.10.06"]
[EventType "swiss (blitz)"]
[EventRounds "11"]
[EventCountry "ISR"]
[SourceTitle "EXT 2025"]
[Source "ChessBase"]
[SourceDate "2024.10.14"]
[SourceVersion "1"]
[SourceVersionDate "2024.10.14"]
[SourceQuality "1"]

1. d4 Nf6 2. Bg5 e6 3. e4 h6 4. Bxf6 Qxf6 5. Nf3 g6 6. Qd2 Bg7 7. Bc4 d6 8. Nc3 b6 9. 0-0-0 Bb7 10. e5 Qe7 11. exd6 cxd6 12. Bb5+ Nd7 13. d5 e5 14. Rhe1 a6 15. Bc6 Rb8 16. Bxb7 Rxb7 17. Nd4 0-0 18. Nc6 Qe8 19. f4 f5 20. fxe5 Nxe5 21. Nd4 Qc8 22. Ne6 Re8 23. Nxg7 Kxg7 24. Ne2 Nd7 25. Qd4+ Kh7 26. Nf4 Nc5 27. Qf6 Rg7 28. Rxe8 Qxe8 29. Ne6 Rf7 30. Qd4 Nxe6 31. dxe6 Qxe6 32. Qxb6 Qxa2 33. Rxd6 Re7 34. Qxa6 Qf7 35. Kd2 f4 36. Qd3 Re3 37. Qd4 Re7 38. b4 f3 39. gxf3 Qxf3 40. Rd7 Qg2+ 41. Kc3 Qh3+ 42. Kb2 Rxd7 43. Qe5 Qf5 44. Qc3 Qd5 0-1

[Event "ISR-chT U14"]
[Site "Afula"]
[Date "2022.08.22"]
[Round "4"]
[White "Gavriel, Adam"]
[Black "Magen, Ofek"]
[Result "0-1"]
[WhiteElo "1409"]
[BlackElo "1468"]
[PlyCount "76"]
[EventDate "2022.08.21"]
[EventType "team-tourn"]
[EventRounds "9"]
[EventCountry "ISR"]
[SourceTitle "CBM 210 Extra"]
[Source "ChessBase"]
[SourceDate "2022.11.30"]
[SourceVersion "1"]
[SourceVersionDate "2022.11.30"]
[SourceQuality "1"]

1. d4 d5 2. c4 c6 3. Nf3 g6 4. cxd5 cxd5 5. Nc3 Bg7 6. Bf4 Nf6 7. e3 0-0 8. Bd3 Nc6 9. a3 a5 10. 0-0 Kh8 11. h3 Bd7 12. Qb3 b6 13. Nxd5 Be6 14. e4 Nxd5 15. exd5 Bxd5 16. Bc4 a4 17. Qd3 Bxf3 18. Qxf3 Nxd4 19. Qb7 Rc8 20. Ba6 Rc2 21. Rfe1 e6 22. Rad1 Rxb2 23. Be5 Bxe5 24. Rxe5 Qf6 25. Ree1 Qxf2+ 26. Kh1 Nf5 27. Rf1 Ng3+ 28. Kh2 Nxf1+ 29. Rxf1 Qc5 30. h4 Qd5 31. Qxd5 exd5 32. Rf4 b5 33. Bb7 b4 34. Bxd5 Rd2 35. Bc6 bxa3 36. Rxa4 a2 37. Bb7 Rb8 38. Bc6 Rb1 0-1